000 00546nam a2200217Ia 4500
003 OSt
005 20220924133405.0
006 a|||||r|||| 00| 0
007 ta
008 220923b |||||||| |||| 00| 0 snd d
024 _a265078
037 _cTextual
040 _aARTS
_cARTS
_bsnd
041 _2snd
_asnd
082 _aDelta:2y1M81w, 1593K3
100 _aBrhamchari
_9206305
245 0 _aVachan amrit
260 _c1963
942 _hDelta:2y1M81w, 1593K3
_cTEXL
_2CC
999 _c433620
_d433620